000 02089cam a22004814i 4500
003 PE-LiUPU
005 20250731173340.0
008 150706s1985 xxu r 000 0 spa d
020 _a0829705317
035 _a(Sirsi) i9780829705317
040 _aPE-LiUPU
_bspa
_cPE-LiUPU
_erda
049 _aPRUA
082 0 4 _a254.5
_bCh66
_221
100 1 _aCho, Yong-gi,
_d1936- ,
_eautor.
245 1 0 _aMucho más que números /
_cDavid Yonggi Cho.
264 1 _aMiami :
_bEditorial Vida,
_c1985.
300 _a189 páginas ;
_c22 centímetros
336 _atext
_2rdacontent
337 _aunmediated
_2rdamedia
338 _avolume
_2rdacarrier
505 0 _aEl crecimiento de la iglesia y los recursos personales y usted -- El crecimiento de la Iglesia y el laicado -- El crecimiento de la iglesia y el sistema de grupos hogareños -- El crecimiento de la iglesia y los medios de información -- El crecimiento de la iglesia y los medios de información -- El crecimiento de la iglesia y el reino de Dios -- El crecimiento de la iglesia y el avivamiento espiritual -- El crecimiento de la iglesia internacionalmente -- El crecimiento de la iglesia y el futuro.
526 _aSEG42
526 _aSEG41
526 _aSEG40
526 _aSEG39
526 _aP94
526 _aP87
526 _aP86
526 _aP85
526 _aP77
526 _aP76
526 _aP35
541 _g001-0020922;
650 0 4 _aCrecimiento de iglesia
_zKorea.
650 0 4 _aCrecimiento de iglesia.
700 1 _aManzano, R. Whitney.,
_eautor.
910 _agl
_bjv
_cng
_d20090909
942 _2ddc
_cBOOK
949 _a254.5 CH66
_wDEWEY
_c1
_i60287
_d2015-9-16
_e2015-9-16
_lCCODEBUL1
_mBUL
_n1
_p7.00
_r0
_sY
_tBOOK
_u2015-7-6
_xTEOLOGIA
_zUNKNOWN
_0COMPRA
_o.STAFF. Colección Teología
994 _aC0
_bPEPRU
596 _a1
999 _a254.5 CH66
_wDEWEY
_c49746
_i60287
_d49746
_e2015-9-16
_f2021-11-10
_g5
_lCCODEBUL1
_mBUL
_n1
_p7.00
_q1
_r0
_sY
_tBOOK
_u2015-7-6
_xTEOLOGIA
_PP35
_0COMPRA
_o.STAFF. Colección Teología
980 _81
_gALBERTO SANCHEZ Responsable de Automatización